Catálogo

VIVIENDO CON CANIBALES (Registro nro. 33191)

Detalles MARC
000 -LEADER
fixed length control field 00659nam a2200193 a 4500
001 - CONTROL NUMBER
control field 33191
005 - DATE AND TIME OF LATEST TRANSACTION
control field 20180714001046.0
008 - FIXED-LENGTH DATA ELEMENTS--GENERAL INFORMATION
fixed length control field 140415s2003 mx 000 0 spa d
020 ## - INTERNATIONAL STANDARD BOOK NUMBER
International Standard Book Number 9707419105
041 ## - LANGUAGE CODE
Language code of text/sound track or separate title spa
082 ## - DEWEY DECIMAL CLASSIFICATION NUMBER
Classification number 910.82
Item number SLU
100 1# - MAIN ENTRY--PERSONAL NAME
Personal name SLUNG, MICHELE
245 10 - TITLE STATEMENT
Title VIVIENDO CON CANIBALES
250 ## - EDITION STATEMENT
Edition statement 1a ed.
260 ## - PUBLICATION, DISTRIBUTION, ETC.
Place of publication, distribution, etc. MEXICO :
Name of publisher, distributor, etc. SEP,
Date of publication, distribution, etc. 2003
300 ## - PHYSICAL DESCRIPTION
Extent 253
Dimensions 16 x 2 x 24
520 ## - SUMMARY, ETC.
Summary, etc. MICHELE SLUNG SE HA DEDICADO AL PERIODISMO Y A LA C RITICA LITERARIA, ENTRE OTROS OFICIOS EDITORIALES. HA ESCRITO VARIOS LIBROS SOBRE TEMAS DIVERSOS Y COLABORA CON VARIAS PUBLICACIONES DE ESTADOS UNIDOS.
650 14 - SUBJECT ADDED ENTRY--TOPICAL TERM
Topical term or geographic name entry element HISTORIA
Existencias
Withdrawn status Lost status Source of classification or shelving scheme Damaged status Not for loan Collection code Home library Current library Shelving location Date acquired Source of acquisition Total Checkouts Full call number Barcode Price effective from Koha item type
    Dewey Decimal Classification     General Tehuacán Tehuacán Sala general 03/12/2013 Compra   910.82 SLU 508185 03/12/2013 Libro